000 00319 a2200157 4500
001 163523
020 _a
040 _cMagnum
100 _aGóes, Lúcia Pimentel
240 1 0 _aO semaforo
_lpor
245 1 0 _aO semaforo
362 0 _a1899
440 1 _aScipione
697 _aI/SOCIEDADE, COTIDIANO
942 _cBK
999 _c163523
_d163523